000 01046nam a2200253Ia 4500
003 OSt
005 20220923225319.0
006 a|||||r|||| 00| 0
007 ta
008 220922b |||||||| |||| 00| 0 hin d
024 _a263,184
037 _cTextual
040 _aARTS
_cARTS
_bhin
041 _2hin
_ahin
082 _a4:(P152), 152P4
100 _aमिश्र, कृष्णबिहारी
245 0 _aहिन्दी पत्रकारिता
_b जातीय चेतना और खड़ी बोली साहित्य की निर्माण-भूमि
246 _aHindī patrakāritā: jātīya chetanā aur khaड़ī bolī sāhitya kī nirmāṇa-bhūmi
260 _aनई दिल्ली
_b भारतीय ज्ञानपीठ
_c2004
300 _a560पृ.
_ccm.
650 _aहिन्दी पत्रकारिता
942 _h4:(P152), 152P4
_cTEXL
_2CC
999 _c377507
_d377507